Forest Service : barriers to financial accountability remain : report to congressional committees /

Bibliographic Details
Corporate Author: United States. General Accounting Office
Format: Government Document Microform Book
Language:English
Published: Washington, D.C. (P.O. Box 37050, Washington 20013) : The Office, [1998]
Subjects:
Online Access:Adobe Acrobat Reader required

MARC

Tag First Indicator Second Indicator Subfields
LEADER 00000cam a2200000 a 4500
001 in00000004835
007 he bmb024bbca
008 990921s1998 dcu bb f000 0 eng c
005 20230331144324.9
035 |a (OCoLC)ocm42403557 
035 |9 AJJ1952AM 
035 |a in00000004835 
037 |a 161238  |b GAO (202) 512-6000 (Voice); (202) 512-6061 (Fax); (202) 512-2537 (TDD)  |f paper copy 
040 |a GPO  |c GPO  |d DLC  |d MvI  |d UtOrBLW 
042 |a pcc 
043 |a n-us--- 
049 |a UMIC 
049 |a WWW 
074 |a 0546-D (MF) 
074 |a 0546-D (online) 
086 0 |a GA 1.13:AIMD-99-1 
088 |a GAO/AIMD-99-1 
088 |a B-281061 
110 1 |a United States.  |b General Accounting Office. 
245 1 0 |a Forest Service :  |b barriers to financial accountability remain : report to congressional committees /  |c United States General Accounting Office. 
246 3 0 |a Barriers to financial accountability remain 
264 1 |a Washington, D.C. (P.O. Box 37050, Washington 20013) :  |b The Office,  |c [1998] 
300 |a 18 pages ;  |c 28 cm. 
336 |a text  |b txt  |2 rdacontent 
337 |a microform  |b h  |2 rdamedia 
338 |a microfiche  |b he  |2 rdacarrier 
500 |a Cover title. 
500 |a Shipping list number: 99-0826-M. 
500 |a "October 1998." 
504 |a Includes bibliographical references. 
500 |a "GAO/AIMD-99-1." 
500 |a "B-281061"--P. 1. 
533 |a Microfiche.  |b [Washington, D.C.] :  |c U.S. General Accounting Office,  |d [1999?]  |e 1 microfiche : negative. 
530 |a Also available via Internet from the GPO Access web site. Address as of 2/20/02: http://frwebgate.access.gpo.gov/cgi-bin/getdoc.cgi?dbname=gao&docid=f:ai99001.pdf; current access is available via PURL. 
500 |a Microform. 
610 1 0 |a United States.  |b Forest Service  |x Accounting. 
650 0 |a Forest management  |z United States  |x Accounting. 
856 4 1 |u https://purl.fdlp.gov/GPO/LPS17700  |z Adobe Acrobat Reader required  |t 0 
999 |a MARS 
999 f f |i 491bb5c3-3d9c-38b5-bdba-c21c8412462a  |s 51b6ca3c-5b1c-3ec6-884e-fe57505eefac  |t 0 
952 f f |p normal  |a Texas A&M University  |b College Station  |c Sterling C. Evans Library  |d Evans: US Documents Microfiche (3rd floor)  |t 0  |e GA 1.13:AIMD-99-1  |h Superintendent of Documents classification  |i microform -- microfiche  |m A14824502568 
952 f f |a Texas A&M University  |b College Station  |c Electronic Resources  |d Available Online  |t 0  |e GA 1.13:AIMD-99-1  |h Superintendent of Documents classification 
998 f f |a GA 1.13:AIMD-99-1  |t 0  |l Available Online 
998 f f |a GA 1.13:AIMD-99-1  |t 0  |l Evans: US Documents Microfiche (3rd floor)